LEADER 02829nam0 2200649 i 450 001 VAN00113093 005 20240806100747.969 017 70$2N$a9781447164852 100 $a20171227d2015 |0itac50 ba 101 $aeng 102 $aGB 105 $a|||| ||||| 200 1 $aIndex analysis$eapproach theory at work$fR. Lowen 210 $aLondon$cSpringer$d2015 215 $aXXI, 466 p.$cill.$d24 cm 410 1$1001VAN00030486$12001 $aSpringer monographs in mathematics$1210 $aBerlin [etc.]$cSpringer$d1989- 500 1$3VAN00235062$aIndex analysis : approach theory at work$92440511 606 $a06B35$xContinuous lattices and posets, applications [MSC 2020]$3VANC025073$2MF 606 $a06D22$xFrames, locales [MSC 2020]$3VANC033420$2MF 606 $a18F60$xCategories of topological spaces and continuous mappings [MSC 2020]$3VANC028768$2MF 606 $a46B04$xIsometric theory of Banach spaces [MSC 2020]$3VANC024694$2MF 606 $a54-XX$xGeneral topology [MSC 2020]$3VANC020587$2MF 606 $a54Exx$xTopological spaces with richer structures [MSC 2020]$3VANC029099$2MF 606 $a60B10$xConvergence of probability measures [MSC 2020]$3VANC022451$2MF 606 $a68N30$xMathematical aspects of software engineering (specification, verification, metrics, requirements, etc.) [MSC 2020]$3VANC033421$2MF 610 $aApproach Space$9KW:K 610 $aAscoli Theorem$9KW:K 610 $aAsymptotic Center$9KW:K 610 $aAsymptotic Radius$9KW:K 610 $aCompletion$9KW:K 610 $aContraction$9KW:K 610 $aDini?s Theorem$9KW:K 610 $aDistance$9KW:K 610 $aIndex$9KW:K 610 $aLimit Operator$9KW:K 610 $aMeasure of Non-Compactness$9KW:K 610 $aMetric$9KW:K 610 $aMetric spaces$9KW:K 610 $aOpial?s Condition$9KW:K 610 $aProximity$9KW:K 610 $aTopological spaces$9KW:K 610 $aTopology$9KW:K 610 $aUniform Gauge Space$9KW:K 610 $aUniform Spaces$9KW:K 610 $aUniformity$9KW:K 620 $aGB$dLondon$3VANL000015 700 1$aLowen$bRobert$3VANV040837$0534675 712 $aSpringer $3VANV108073$4650 790 1$aLowen, R.$zLowen, Robert$3VANV259934 801 $aIT$bSOL$c20260327$gRICA 856 4 $u http://dx.doi.org/10.1007/978-1-4471-6485-2$zE-book ? Accesso al full-text attraverso riconoscimento IP di Ateneo, proxy e/o Shibboleth 899 $aBIBLIOTECA DEL DIPARTIMENTO DI MATEMATICA E FISICA$1IT-CE0120$2VAN08 912 $fN 912 $aVAN00113093 950 $aBIBLIOTECA DEL DIPARTIMENTO DI MATEMATICA E FISICA$d08DLOAD e-book 0248 $e08eMF248 20171227 996 $aIndex analysis : approach theory at work$92440511 997 $aUNICAMPANIA LEADER 02167nam0 2200469 i 450 001 VAN00052921 005 20260401024409.396 010 $a03-87906-94-0 010 $a978-03-87906-94-2 100 $a20060921r19751986 |0itac50 ba 101 $aeng 102 $aUS 105 $a|||| ||||| 200 1 $aˆThe ‰foundations of geometry and the non-Euclidean plane$fGeorge E. Martin 205 $a2. printing 210 $aNew York$cSpringer$d1975 [stampa 1986] 215 $aXVI, 509 p.$cill.$d24 cm 410 1$1001VAN00024019$12001 $aUndergraduate texts in mathematics$1210 $aBerlin [etc.]$cSpringer$d1958- 500 1$3VAN00304170$aˆThe ‰foundations of geometry and the non-Euclidean plane$983123 606 $a51-XX$xGeometry [MSC 2020]$3VANC019810$2MF 606 $a51M05$xEuclidean geometries (general) and generalizations [MSC 2020]$3VANC023698$2MF 606 $a51M10$xHyperbolic and elliptic geometries (general) and generalizations [MSC 2020]$3VANC020835$2MF 606 $a51Mxx$xReal and complex geometry [MSC 2020]$3VANC023699$2MF 610 $aAbsolute geometry$9KW:K 610 $aArea$9KW:K 610 $aCongruence$9KW:K 610 $aGeometry$9KW:K 610 $aNon-Euclidean Geometry$9KW:K 610 $aPlans$9KW:K 620 $aUS$dNew York$3VANL000011 700 1$aMartin$bGeorge E.$3VANV041736$0441703 712 $aSpringer $3VANV108073$4650 790 1$aMartin, George Edward$zMartin, George E.$3VANV261413 790 1$aMartin, G. E.$zMartin, George E.$3VANV261414 790 1$aMartin, G.E.$zMartin, George E.$3VANV261415 801 $aIT$bSOL$c20260403$gRICA 856 4 $u/sebina/repository/catalogazione/documenti/ID 52921.pdf$zID 52921.pdf 912 $aVAN00052921 950 $aBIBLIOTECA DEL DIPARTIMENTO DI MATEMATICA E FISICA$d08PREST 51-XX 2620 $e08 3226 II a 20060921 950 $aBIBLIOTECA DEL DIPARTIMENTO DI MATEMATICA E FISICA$d08PREST 51-XX 2620 $e08 4501 II b 20061120 996 $aFoundations of geometry and the non-Euclidean plane$983123 997 $aUNICAMPANIA